00433nam a2200157Ia 450000100040000000500170000400800410002104100080006208200130007010000340008324501050011726000090022230000280023165000080025965400080026785720260306140549.0260306t2010||||xx |||||||||||||| ||spa|| aESP a170bV66 aVillarroel, Raúl (ed.)eAUT 0aÉtica aplicada:bperspectivas de la responsabilidad para la sociedad civil en un mundo globalizado c2010 a278 páginas :c23 cm. aGEN aCHU